[Event "Sparkassen Chess Trophy 2024 A-Open"]
[Site "Dortmund"]
[Date "2024.08.16"]
[Round "7"]
[White "Sommer, Justus"]
[Black "Eckert, Marius"]
[Result "1/2-1/2"]
[WhiteElo "2075"]
[BlackElo "2129"]
[PlyCount "113"]
[EventDate "2024.08.10"]

1. e4 c5 2. Nf3 d6 3. Bb5+ Bd7 4. Bxd7+ Nxd7 5. O-O Ngf6 6. Qe2 e6 7. b3 Be7 8. Bb2 O-O 9. c4 Qb6 10. Nc3 Ne5 11. Rfe1 Rad8 12. Rad1 a6 13. d4 Nxf3+ 14. Qxf3 cxd4 15. Na4 Qc6 16. Bxd4 b5 17. cxb5 axb5 18. Rc1 Qb7 19. Nc3 b4 20. Na4 d5 21. e5 Nd7 22. Qe3 Rc8 23. Re2 Rc6 24. Rec2 Rfc8 25. Rxc6 Rxc6 26. Nb2 Qc7 27. Nd3 Rc2 28. Kf1 Rxc1+ 29. Qxc1 Qxc1+ 30. Nxc1 g5 31. Nd3 Nb8 32. Be3 Nc6 33. g4 Kg7 34. f4 gxf4 35. Bxf4 f6 36. exf6+ Kxf6 37. Bc1 e5 38. Bb2 Ke6 39. Kf2 Bd6 40. Ke3 Nb8 41. h3 Nd7 42. h4 d4+ 43. Bxd4 exd4+ 44. Kxd4 Ne5 45. Nc5+ Ke7 46. g5 Nf3+ 47. Kc4 Nxh4 48. Kxb4 Nf3 49. Kc4 Bxc5 50. Kxc5 Nxg5 51. Kd4 Kd6 52. b4 h5 53. b5 h4 54. Ke3 Kd5 55. a4 Ne4 56. b6 Kc6 57. Kxe4 {erfasst durch pgnApp - www.pgn-app.com} 1/2-1/2

[Event "Sparkassen Chess Trophy 2024 A-Open"]
[Site "Dortmund"]
[Date "2024.08.16"]
[Round "7"]
[White "Wickenfeld, Stefan"]
[Black "Mann, Gergely"]
[Result "0-1"]
[WhiteElo "2206"]
[BlackElo "2062"]
[PlyCount "82"]
[EventDate "2024.08.10"]

1. c4 c6 2. Nf3 d5 3. g3 Nf6 4. Bg2 dxc4 5. a4 a5 6. Na3 Be6 7. Qc2 Na6 8. Ng5 Bd5 9. e4 Nxe4 10. Bxe4 e6 11. Nxf7 Kxf7 12. Nxc4 Nb4 13. Ne5+ Kg8 14. Qb1 Bxe4 15. Qxe4 Qd5 16. Qxd5 exd5 17. Kd1 Bc5 18. f4 Re8 19. Re1 Bd4 20. Ra3 h6 21. Rf3 Kh7 22. b3 Rhf8 23. Nd3 Rxe1+ 24. Kxe1 Re8+ 25. Kd1 Nxd3 26. Rxd3 Re4 27. Rf3 Kg6 28. d3 Re8 29. f5+ Kf6 30. Bd2 b6 31. g4 Kf7 32. Bf4 Be5 33. Bxe5 Rxe5 34. Kd2 Kf6 35. Re3 d4 36. Re4 Rxe4 37. dxe4 Ke5 38. Kd3 c5 39. h4 Kf4 40. g5 hxg5 41. h5 Ke5 {erfasst durch pgnApp - www.pgn-app.com} 0-1

[Event "Sparkassen Chess Trophy 2024 A-Open"]
[Site "Dortmund"]
[Date "2024.08.16"]
[Round "7"]
[White "Bungarten, Jona"]
[Black "Engel, Bruno"]
[Result "0-1"]
[WhiteElo "2073"]
[BlackElo "2211"]
[PlyCount "84"]
[EventDate "2024.08.10"]

1. e4 e6 2. d4 d5 3. Nd2 h6 4. c3 c5 5. exd5 exd5 6. Ngf3 Nc6 7. dxc5 Bxc5 8. Nb3 Bb6 9. Be2 Nf6 10. O-O O-O 11. Qd3 Re8 12. Bf4 Ne4 13. Nbd4 Bg4 14. h3 Bh5 15. Rfc1 Qf6 16. Be3 Rad8 17. Rd1 Nd6 18. Qc2 Nc4 19. Bxc4 dxc4 20. Qa4 Ne5 21. Nxe5 Bxd1 22. Rxd1 Qxe5 23. Qxc4 Bxd4 24. cxd4 Qd5 25. b3 Re6 26. Qxd5 Rxd5 27. Rc1 Rc6 28. Rxc6 bxc6 29. Kf1 Kh7 30. Ke2 g5 31. g4 Kg6 32. Kd3 f5 33. Kc4 fxg4 34. hxg4 h5 35. gxh5+ Kxh5 36. a4 Kg4 37. Kd3 Kf3 38. Kc3 g4 39. Kd3 a6 40. b4 Rh5 41. Kd2 Ke4 42. Ke2 Rh2 {erfasst durch pgnApp - www.pgn-app.com} 0-1

[Event "Sparkassen Chess Trophy 2024 A-Open"]
[Site "Dortmund"]
[Date "2024.08.16"]
[Round "7"]
[White "Vollbehr, Bjarne"]
[Black "Michalke, Guenter"]
[Result "0-1"]
[WhiteElo "2019"]
[BlackElo "2174"]
[PlyCount "54"]
[EventDate "2024.08.10"]

1. d4 d5 2. Nf3 Nf6 3. c4 c6 4. g3 Bf5 5. Bg2 e6 6. O-O h6 7. Nbd2 Nbd7 8. b3 Be7 9. Bb2 O-O 10. Ne5 Ne4 11. Nxe4 Bxe4 12. Bxe4 dxe4 13. Qc2 f5 14. Ng6 Re8 15. f3 exf3 16. exf3 Bf6 17. Rad1 Nf8 18. Ne5 Qc7 19. Rfe1 Rad8 20. Ba3 c5 21. f4 Rxd4 22. Rxd4 cxd4 23. Bb2 Rd8 24. Qd2 Nd7 25. Bxd4 Nxe5 26. Rxe5 Be7 27. Qf2 Rxd4 {erfasst durch pgnApp - www.pgn-app.com} 0-1

[Event "Sparkassen Chess Trophy 2024 A-Open"]
[Site "Dortmund"]
[Date "2024.08.16"]
[Round "7"]
[White "Riemland, Arnold"]
[Black "Stork, Simon"]
[Result "1-0"]
[WhiteElo "2112"]
[BlackElo "2055"]
[PlyCount "115"]
[EventDate "2024.08.10"]

1. d4 d5 2. Bf4 Nf6 3. e3 Bg4 4. Be2 Bxe2 5. Qxe2 c6 6. Nf3 e6 7. O-O Nbd7 8. Nbd2 Be7 9. h3 O-O 10. c3 Qb6 11. Rfb1 a5 12. a4 Qa6 13. Kf1 Rfc8 14. b3 h6 15. g4 c5 16. c4 cxd4 17. exd4 dxc4 18. bxc4 Bb4 19. Rc1 Qc6 20. Kg1 Nb6 21. Ne5 Qe8 22. Ne4 Nxe4 23. Qxe4 Ra7 24. c5 Nd5 25. Nc4 Qc6 26. Bd2 Rd8 27. Be3 Qc7 28. Ne5 Ra6 29. Rc2 Ne7 30. Rac1 Nc6 31. f4 Raa8 32. h4 Nxe5 33. fxe5 Qc6 34. Qf4 Qxa4 35. Rf2 Rd7 36. h5 Qb3 37. g5 hxg5 38. Qxg5 Qd3 39. Rg2 Qh7 40. Kh2 Kh8 41. Rcg1 Rg8 42. h6 Bc3 43. Qh4 f5 44. Rg6 f4 45. Qxf4 a4 46. R1g2 a3 47. Qg4 Ra8 48. Qxe6 a2 49. Qxd7 a1=Q 50. Rxg7 Qab1 51. Rxh7+ Qxh7 52. Qxh7+ Kxh7 53. Rg7+ Kh8 54. Rxb7 Rd8 55. c6 Rc8 56. c7 Kh7 57. e6 Kg6 58. Bf4 {erfasst durch pgnApp - www.pgn-app.com} 1-0

[Event "Sparkassen Chess Trophy 2024 A-Open"]
[Site "Dortmund"]
[Date "2024.08.16"]
[Round "7"]
[White "Zimmermann, Luc"]
[Black "Strehse, Nelson"]
[Result "0-1"]
[WhiteElo "2095"]
[BlackElo "2223"]
[PlyCount "72"]
[EventDate "2024.08.10"]

1. e4 e5 2. Bc4 Nf6 3. Nc3 Nc6 4. d3 Bc5 5. f4 O-O 6. Nf3 Ng4 7. Qe2 Bf2+ 8. Kf1 Nd4 9. Nxd4 Bxd4 10. h3 Nf2 11. Rg1 d5 12. Bxd5 c6 13. Bb3 exf4 14. Qf3 g5 15. Ne2 Nxe4 16. Qxe4 Bxg1 17. Nxg1 Re8 18. Qf3 a5 19. a4 Qf6 20. Rb1 Bf5 21. Bd2 Rad8 22. Bc3 Qg6 23. Re1 Rxe1+ 24. Kxe1 b5 25. Bxa5 Ra8 26. Bc3 bxa4 27. Bc4 Re8+ 28. Kd2 Qd6 29. Ne2 Qe7 30. Qf2 c5 31. g4 Bd7 32. h4 Bxg4 33. Ng1 gxh4 34. d4 h3 35. Ne2 Qxe2+ 36. Qxe2 Rxe2+ {erfasst durch pgnApp - www.pgn-app.com} 0-1

[Event "Sparkassen Chess Trophy 2024 A-Open"]
[Site "Dortmund"]
[Date "2024.08.16"]
[Round "7"]
[White "Neumair, Jerome"]
[Black "Keyser, Robin"]
[Result "1/2-1/2"]
[WhiteElo "2091"]
[BlackElo "2229"]
[PlyCount "62"]
[EventDate "2024.08.10"]

1. d4 e6 2. c4 Nf6 3. Nc3 Bb4 4. e3 O-O 5. Bd2 d5 6. Nf3 b6 7. cxd5 exd5 8. Rc1 Re8 9. Bd3 c5 10. dxc5 d4 11. Na4 Bxd2+ 12. Qxd2 Bd7 13. b3 Qe7 14. Nxd4 Ne4 15. Qc2 Nc6 16. Nxc6 Bxc6 17. O-O Ng5 18. h4 Qf6 19. Kh1 Rac8 20. cxb6 Be4 21. Qxc8 Bxg2+ 22. Kg1 Nf3+ 23. Kxg2 Nxh4+ 24. Kh3 Qf3+ 25. Kh2 Qf4+ 26. Kh3 Qf3+ 27. Kxh4 Qf4+ 28. Qg4 Qh2+ 29. Qh3 Qf4+ 30. Qg4 Qh2+ 31. Qh3 Qf4+ {erfasst durch pgnApp - www.pgn-app.com} 1/2-1/2

[Event "Sparkassen Chess Trophy 2024 A-Open"]
[Site "Dortmund"]
[Date "2024.08.16"]
[Round "7"]
[White "Hoppe, Thilo"]
[Black "Gallana, Marco"]
[Result "1-0"]
[WhiteElo "2101"]
[BlackElo "2276"]
[PlyCount "81"]
[EventDate "2024.08.10"]

1. d4 Nf6 2. c4 g6 3. Nc3 d5 4. cxd5 Nxd5 5. e4 Nxc3 6. bxc3 Bg7 7. Bc4 c5 8. Ne2 Nc6 9. Be3 O-O 10. O-O b6 11. dxc5 Qc7 12. Nd4 Ne5 13. Be2 bxc5 14. Nb5 Qc6 15. Qd5 a6 16. Na3 Qxd5 17. exd5 Bf5 18. Bxc5 Rfc8 19. Bd4 Be4 20. Rad1 h5 21. Rfe1 Bf5 22. h3 h4 23. Bf1 Nd7 24. Nc4 e5 25. dxe6 Bxe6 26. Rxe6 fxe6 27. Bxg7 Kxg7 28. Rxd7+ Kf6 29. Nb6 Rd8 30. Rh7 Rh8 31. Nd7+ Kg5 32. Rxh8 Rxh8 33. Bxa6 Rd8 34. Bb5 Kf4 35. c4 Ke4 36. a4 Kd4 37. c5 Kd5 38. a5 g5 39. a6 e5 40. a7 e4 41. Nb8 {erfasst durch pgnApp - www.pgn-app.com} 1-0

[Event "Sparkassen Chess Trophy 2024 A-Open"]
[Site "Dortmund"]
[Date "2024.08.16"]
[Round "7"]
[White "Van der Hagen, Loek"]
[Black "Dornieden, Jonas"]
[Result "1-0"]
[WhiteElo "2334"]
[BlackElo "2075"]
[PlyCount "139"]
[EventDate "2024.08.10"]

1. e4 c5 2. Nf3 Nc6 3. d4 cxd4 4. Nxd4 Nf6 5. Nc3 e5 6. Ndb5 d6 7. Nd5 Nxd5 8. exd5 Nb8 9. h4 Be7 10. g4 a6 11. Nc3 Nd7 12. Be3 b5 13. Qd2 Bb7 14. O-O-O h5 15. g5 Qa5 16. Kb1 f5 17. gxf6 Nxf6 18. a3 O-O-O 19. Bh3+ Kb8 20. Rhg1 Ng4 21. Bxg4 hxg4 22. Rxg4 Bf6 23. Bg5 Bc8 24. Rg3 Bf5 25. Qe3 Bxg5 26. Rxg5 g6 27. Rh1 Rc8 28. h5 Rc4 29. Rhg1 Rxh5 30. Rxh5 gxh5 31. Rg5 Bc8 32. Rxh5 b4 33. axb4 Qxb4 34. Rh7 Rc7 35. Rxc7 Kxc7 36. Qf3 Bb7 37. Qf7+ Kb8 38. Qe8+ Ka7 39. Qd7 Kb8 40. Qd8+ Ka7 41. Qc7 Ka8 42. f3 Ka7 43. Ne4 Ka8 44. Nxd6 Bxd5 45. Qc8+ Ka7 46. Qd7+ Ka8 47. Qe8+ Qb8 48. Qxe5 Bxf3 49. Ka2 Bc6 50. Qc5 Bg2 51. Nc4 Qd8 52. b3 Bf3 53. Ka3 Bb7 54. Nd6 Bg2 55. c4 Qh8 56. Kb4 Qd8 57. Qc8+ Qxc8 58. Nxc8 Kb7 59. Ne7 Bf3 60. Kc5 Bd1 61. b4 Bf3 62. Kd6 Be2 63. c5 Bb5 64. c6+ Bxc6 65. Nxc6 Kb6 66. Nd4 a5 67. b5 a4 68. Kd5 a3 69. Kc4 a2 70. Nb3 {erfasst durch pgnApp - www.pgn-app.com} 1-0

[Event "Sparkassen Chess Trophy 2024 A-Open"]
[Site "Dortmund"]
[Date "2024.08.16"]
[Round "7"]
[White "Wichtrup, Jan-Louis"]
[Black "Bernig Le Duigou, Vincent"]
[Result "0-1"]
[WhiteElo "2138"]
[BlackElo "1876"]
[PlyCount "56"]
[EventDate "2024.08.10"]

1. e4 c5 2. Nf3 Nc6 3. Bb5 g6 4. Bxc6 dxc6 5. d3 Bg7 6. h3 Nf6 7. Nc3 O-O 8. Be3 b6 9. Qd2 Re8 10. Bh6 Bh8 11. e5 Nd5 12. Ne4 a5 13. a4 Ra7 14. h4 Bg4 15. Nh2 Bf5 16. O-O-O Bxe5 17. g4 Bc8 18. h5 Qc7 19. hxg6 Bxh2 20. gxh7+ Kh8 21. Rxh2 Qxh2 22. Ng3 f6 23. Rh1 Qg2 24. g5 Bf5 25. Bg7+ Kxg7 26. gxf6+ exf6 27. Qh6+ Kh8 28. Nxf5 Qg5+ {erfasst durch pgnApp - www.pgn-app.com} 0-1

[Event "Sparkassen Chess Trophy 2024 A-Open"]
[Site "Dortmund"]
[Date "2024.08.16"]
[Round "7"]
[White "Pipiras, Filipa Fortuna"]
[Black "Schaller, Fabian"]
[Result "1-0"]
[WhiteElo "2192"]
[BlackElo "2086"]
[PlyCount "83"]
[EventDate "2024.08.10"]

1. d4 Nf6 2. c4 e6 3. Nc3 c5 4. d5 exd5 5. cxd5 d6 6. Nf3 g6 7. Nd2 Bg7 8. e4 O-O 9. Be2 Re8 10. O-O a6 11. a4 Nbd7 12. h3 Rb8 13. Re1 h6 14. Qc2 g5 15. Nc4 Ne5 16. Nxe5 Rxe5 17. f4 gxf4 18. Bxf4 Qe7 19. a5 Rg5 20. Qd2 Nd7 21. Bxg5 hxg5 22. Bg4 Ne5 23. Bxc8 Rxc8 24. Rf1 Ng6 25. Rad1 Nf4 26. Kh1 Be5 27. Ne2 Ng6 28. g3 f6 29. Kg2 Qd7 30. Ng1 Kg7 31. Nf3 g4 32. Nxe5 gxh3+ 33. Kh1 Nxe5 34. Rf5 Rh8 35. g4 Qe7 36. g5 fxg5 37. Rxg5+ Ng6 38. Qc3+ Qf6 39. Rdg1 Rh6 40. Rf1 Qxc3 41. bxc3 h2 42. e5 {erfasst durch pgnApp - www.pgn-app.com} 1-0

[Event "Sparkassen Chess Trophy 2024 A-Open"]
[Site "Dortmund"]
[Date "2024.08.16"]
[Round "7"]
[White "Christodoulaki, Antonia"]
[Black "Mainka, Gregor"]
[Result "0-1"]
[WhiteElo "1994"]
[BlackElo "2210"]
[PlyCount "92"]
[EventDate "2024.08.10"]

1. e4 e6 2. d4 d5 3. exd5 exd5 4. Nf3 Bd6 5. Bd3 Bg4 6. h3 Bh5 7. O-O Ne7 8. Re1 Nbc6 9. c3 Qd7 10. Nbd2 f6 11. Qc2 O-O-O 12. b4 Rde8 13. Nh4 g5 14. Nf5 Nxf5 15. Rxe8+ Qxe8 16. Bxf5+ Kb8 17. Bb2 Bg6 18. Bd3 Ne7 19. Re1 Qd7 20. Nf1 c6 21. Bc1 Rg8 22. Qe2 Bxd3 23. Qxd3 g4 24. Qxh7 gxh3 25. g3 Qg4 26. Nh2 Qg7 27. Qxg7 Rxg7 28. Re6 Nf5 29. Rxf6 Nxg3 30. fxg3 Rxg3+ 31. Kf1 Rxc3 32. Bf4 Bxf4 33. Rxf4 Rc1+ 34. Kf2 Rc2+ 35. Kg3 Rxa2 36. Rf2 Rxf2 37. Kxf2 Kc7 38. b5 cxb5 39. Kg3 b4 40. Kxh3 b3 41. Nf3 a5 42. Nd2 a4 43. Kg3 Kb6 44. Kf4 Kb5 45. Ke5 Kb4 46. Kxd5 a3 {erfasst durch pgnApp - www.pgn-app.com} 0-1

[Event "Sparkassen Chess Trophy 2024 A-Open"]
[Site "Dortmund"]
[Date "2024.08.16"]
[Round "7"]
[White "Steinmetzer, Thomas"]
[Black "Tomasjan, Samuel"]
[Result "0-1"]
[WhiteElo "2215"]
[BlackElo "2011"]
[PlyCount "58"]
[EventDate "2024.08.10"]

1. d4 d5 2. c4 e6 3. Nf3 Nf6 4. g3 Be7 5. Bg2 dxc4 6. O-O O-O 7. Qc2 a6 8. a4 Nbd7 9. Nbd2 b6 10. Ne5 Nd5 11. Nc6 Qe8 12. Nxe7+ Qxe7 13. Nxc4 Bb7 14. e4 Nb4 15. Qb3 Rfd8 16. a5 b5 17. Ne3 c5 18. Bd2 Nc6 19. d5 Nd4 20. Qd1 Nf6 21. d6 Qxd6 22. e5 Bxg2 23. f4 Ne2+ 24. Kxg2 Qxd2 25. Qxd2 Rxd2 26. exf6 Nxf4+ 27. Kf3 Nd5 28. fxg7 Nxe3 29. Kxe3 Rad8 {erfasst durch pgnApp - www.pgn-app.com} 0-1

[Event "Sparkassen Chess Trophy 2024 A-Open"]
[Site "Dortmund"]
[Date "2024.08.16"]
[Round "7"]
[White "Winkler, Yonathan"]
[Black "Ferro, Mario"]
[Result "0-1"]
[WhiteElo "2047"]
[BlackElo "2235"]
[PlyCount "68"]
[EventDate "2024.08.10"]

1. e4 c5 2. Nf3 Nc6 3. d4 cxd4 4. Nxd4 g6 5. Nc3 Bg7 6. Be3 Nf6 7. Be2 O-O 8. f4 d6 9. Nb3 b6 10. g4 a5 11. g5 Nd7 12. h4 a4 13. Nd4 Bb7 14. h5 Nxd4 15. Bxd4 e5 16. fxe5 Qxg5 17. Rg1 Qh4+ 18. Bf2 Qh2 19. Qd2 a3 20. O-O-O axb2+ 21. Kb1 Qxf2 22. hxg6 fxg6 23. Qxd6 Nxe5 24. Rh1 Qc5 25. Qe6+ Rf7 26. Nd5 Rc8 27. Rd2 Bxd5 28. exd5 Nc4 29. Bxc4 Qxc4 30. Rf2 Rcc7 31. Rhf1 Bf6 32. Rg1 Bd4 33. Rg4 Rce7 34. Rxd4 Qxd4 {erfasst durch pgnApp - www.pgn-app.com} 0-1

[Event "Sparkassen Chess Trophy 2024 A-Open"]
[Site "Dortmund"]
[Date "2024.08.16"]
[Round "7"]
[White "Follesa, Enrico"]
[Black "Fronda, Jan Jodilyn"]
[Result "0-1"]
[WhiteElo "2241"]
[BlackElo "2089"]
[PlyCount "58"]
[EventDate "2024.08.10"]

1. e4 c5 2. Nf3 d6 3. d4 cxd4 4. Nxd4 Nf6 5. Nc3 a6 6. Be3 g6 7. f3 Bg7 8. Qd2 Nbd7 9. g4 O-O 10. O-O-O b5 11. Nc6 Qe8 12. g5 b4 13. Nxb4 Nh5 14. Nbd5 Qd8 15. Be2 Bb7 16. Na4 Bc6 17. Bb6 Nxb6 18. Naxb6 Rb8 19. Nc4 Bb5 20. c3 a5 21. Rhg1 Bxc4 22. Bxc4 e6 23. Ne3 Qb6 24. Bb3 a4 25. Bxa4 Bxc3 26. Qxc3 Rfc8 27. Nc2 Rxc3 28. bxc3 Qb2+ 29. Kd2 Rc8 {erfasst durch pgnApp - www.pgn-app.com} 0-1

[Event "Sparkassen Chess Trophy 2024 A-Open"]
[Site "Dortmund"]
[Date "2024.08.16"]
[Round "7"]
[White "Van Amerongen, Arjen"]
[Black "Rosen, Bernd"]
[Result "1-0"]
[WhiteElo "2011"]
[BlackElo "2245"]
[PlyCount "52"]
[EventDate "2024.08.10"]

1. d4 c5 2. d5 d6 3. Nc3 e5 4. e4 Be7 5. Be2 a6 6. a4 Bg5 7. Nf3 Bxc1 8. Qxc1 Nf6 9. O-O O-O 10. Nd2 Nbd7 11. a5 b5 12. axb6 Nxb6 13. Re1 Ne8 14. Nf1 f5 15. exf5 Bxf5 16. Ng3 Bc8 17. Bd3 Nf6 18. Qd1 c4 19. Bf5 Bxf5 20. Nxf5 Qd7 21. Ne3 Qf7 22. Qd2 g6 23. Red1 Rfc8 24. Ra5 Qb7 25. Qe2 Rc7 26. h3 Kf7 {Erfassung abgebrochen - unleserlich; erfasst durch pgnApp - www.pgn-app.com} 1-0

[Event "Sparkassen Chess Trophy 2024 A-Open"]
[Site "Dortmund"]
[Date "2024.08.16"]
[Round "7"]
[White "Schimnatkowski, Lukas"]
[Black "Murawski, Jan"]
[Result "1-0"]
[WhiteElo "2235"]
[BlackElo "2093"]
[PlyCount "99"]
[EventDate "2024.08.10"]

1. e4 e5 2. d4 exd4 3. Nf3 Nc6 4. Bc4 Nf6 5. e5 d5 6. Bb5 Ne4 7. Nxd4 Bd7 8. Bxc6 bxc6 9. O-O Bc5 10. f3 Ng5 11. f4 Ne4 12. Be3 Bb6 13. Nd2 Nxd2 14. Qxd2 c5 15. Nf3 d4 16. Bf2 O-O 17. Bh4 Qc8 18. Rad1 Bf5 19. h3 d3 20. c4 h5 21. b3 Qa6 22. Qf2 Ba5 23. Kh2 Qc6 24. Qg3 Bg6 25. f5 Bxf5 26. Bf6 Bg6 27. Nh4 Kh7 28. Bxg7 Rg8 29. Bf6 d2 30. Nf3 Be4 31. Qh4 Rxg2+ 32. Kxg2 Rg8+ 33. Bg5 Qg6 34. Kh2 Bc2 35. Qf4 Bxd1 36. Rxd1 Rg7 37. h4 Qc2 38. Rxd2 Bxd2 39. Qxd2 Qe4 40. Kg3 Qg4+ 41. Kf2 Qf5 42. Ke3 Rg6 43. Qd3 Qe6 44. Qd5 Qe8 45. Kf2 Ra6 46. a4 Rb6 47. Qd3+ Rg6 48. Qf5 Kg8 49. Bf6 Qc6 50. Qc8+ {erfasst durch pgnApp - www.pgn-app.com} 1-0

[Event "Sparkassen Chess Trophy 2024 A-Open"]
[Site "Dortmund"]
[Date "2024.08.16"]
[Round "7"]
[White "Knudsen, Simon"]
[Black "Malinowsky, Levi"]
[Result "1-0"]
[WhiteElo "2251"]
[BlackElo "2006"]
[PlyCount "97"]
[EventDate "2024.08.10"]

1. e4 c5 2. Nf3 d6 3. d4 cxd4 4. Nxd4 Nf6 5. Nc3 a6 6. Be3 e5 7. Nf3 Be7 8. Bc4 O-O 9. O-O Be6 10. Bxe6 fxe6 11. Na4 Nfd7 12. c4 Nc6 13. Rc1 Nc5 14. Nc3 Qe8 15. Ne1 Qg6 16. f3 Rfd8 17. Nc2 a5 18. Qe2 Bg5 19. Rfd1 Qf6 20. Nb5 Bxe3+ 21. Qxe3 Qe7 22. Rd2 Rd7 23. Rcd1 Rad8 24. b3 Qf8 25. a3 a4 26. b4 Nb3 27. Rd3 Qe7 28. Qf2 Qg5 29. Qg3 Qe7 30. h4 h6 31. Kh2 Kh8 32. Kh3 Kg8 33. Qg6 Kh8 34. g4 Qf8 35. Qxe6 Rf7 36. Kg3 Ne7 37. Nxd6 Rf6 38. Nf7+ Rxf7 39. Rxd8 Rxf3+ 40. Kg2 Rf2+ 41. Kg1 Rf1+ 42. Rxf1 Qxd8 43. g5 Nd4 44. Nxd4 Qxd4+ 45. Rf2 Qd1+ 46. Kh2 Qh5 47. Rf8+ Kh7 48. g6+ Nxg6 49. Qg8# {erfasst durch pgnApp - www.pgn-app.com} 1-0

[Event "Sparkassen Chess Trophy 2024 A-Open"]
[Site "Dortmund"]
[Date "2024.08.16"]
[Round "7"]
[White "Kueppers, Timo"]
[Black "Koehler, Ronald"]
[Result "1-0"]
[WhiteElo "2288"]
[BlackElo "2104"]
[PlyCount "109"]
[EventDate "2024.08.10"]

1. d4 Nf6 2. Nf3 e6 3. Bg5 c5 4. e3 h6 5. Bh4 cxd4 6. exd4 Be7 7. Bd3 b6 8. O-O O-O 9. Re1 Bb7 10. Nbd2 d6 11. c4 Nbd7 12. Rc1 Re8 13. Bb1 Nh5 14. Bxe7 Rxe7 15. b4 Rc8 16. Qa4 Ndf6 17. d5 Nf4 18. dxe6 fxe6 19. c5 dxc5 20. bxc5 Nxg2 21. Kxg2 bxc5 22. Ne4 Nh5 23. Ng3 Nf4+ 24. Qxf4 Rf7 25. Qe5 Bxf3+ 26. Kg1 Bd5 27. Bg6 Rd7 28. a4 Qa5 29. Be4 Rcd8 30. Bc2 Qd2 31. Ne4 Qb4 32. Nxc5 Rf7 33. Be4 Qd2 34. Qg3 Rdf8 35. Bxd5 exd5 36. Ne6 Re8 37. Rcd1 Qb4 38. Re3 Qxa4 39. Rxd5 Qa1+ 40. Kg2 Qa4 41. Rde5 Rb8 42. R5e4 Qb5 43. Nd4 Qb7 44. Qxb8+ Qxb8 45. Re8+ Qxe8 46. Rxe8+ Rf8 47. Re6 Rf6 48. Rxf6 gxf6 49. Nc6 a6 50. Kf3 Kf7 51. Ke4 Kg6 52. Kf4 Kg7 53. Kf5 Kf7 54. h4 h5 55. f4 {erfasst durch pgnApp - www.pgn-app.com} 1-0

[Event "Sparkassen Chess Trophy 2024 A-Open"]
[Site "Dortmund"]
[Date "2024.08.16"]
[Round "7"]
[White "Song, Ethan"]
[Black "Gasper, Joern"]
[Result "1-0"]
[WhiteElo "2269"]
[BlackElo "2000"]
[PlyCount "115"]
[EventDate "2024.08.10"]

1. e4 Nc6 2. d4 d5 3. e5 Bf5 4. c3 e6 5. Ne2 Nge7 6. Ng3 Bg6 7. b4 Nf5 8. Bd3 Nh4 9. O-O Be7 10. Na3 O-O 11. Nc2 f6 12. b5 Na5 13. exf6 Bxf6 14. Ne3 c5 15. Ba3 b6 16. Rc1 Rc8 17. Re1 Bg5 18. Rc2 Bxe3 19. fxe3 Bxd3 20. Qxd3 Nc4 21. Bc1 Qd7 22. a4 a6 23. bxa6 Qxa4 24. Rce2 Qxa6 25. e4 Ng6 26. exd5 exd5 27. dxc5 Rxc5 28. Nf5 Qc8 29. Ne7+ Nxe7 30. Rxe7 Qf5 31. Qg3 Qg6 32. Qxg6 hxg6 33. Rd7 Ra8 34. Bf4 g5 35. Bg3 Nd2 36. Be5 Re8 37. Rxg7+ Kf8 38. Rxg5 Rb5 39. h4 Kf7 40. Rf5+ Kg6 41. Rg5+ Kh7 42. Ra1 Ra5 43. Rd1 Ne4 44. Rf5 Rc5 45. Rdf1 Re7 46. Bd4 Rb5 47. Kh2 Rd7 48. Re1 Rb3 49. Re3 b5 50. Rf8 Kg6 51. Rh3 b4 52. h5+ Kh6 53. Rh8+ Rh7 54. Rb8 Nxc3 55. Be3+ Kg7 56. Rb7+ Kg8 57. Rg3+ Kf8 58. Bc5+ {erfasst durch pgnApp - www.pgn-app.com} 1-0

[Event "Sparkassen Chess Trophy 2024 A-Open"]
[Site "Dortmund"]
[Date "2024.08.16"]
[Round "7"]
[White "Zamengo, Fulvio"]
[Black "Hirzel, Cedric"]
[Result "1-0"]
[WhiteElo "2342"]
[BlackElo "2116"]
[PlyCount "97"]
[EventDate "2024.08.10"]

1. e4 e6 2. d4 d5 3. Nc3 Nf6 4. e5 Nfd7 5. f4 c5 6. Nf3 Nc6 7. Be3 h6 8. Qd2 g5 9. dxc5 gxf4 10. Bxf4 Nxc5 11. Be2 Bd7 12. O-O-O Ne4 13. Nxe4 dxe4 14. Nd4 Nxd4 15. Qxd4 Bc6 16. b4 Qxd4 17. Rxd4 a6 18. Kb2 Be7 19. Rf1 Rd8 20. Rxd8+ Bxd8 21. c4 Bg5 22. Kc3 Ke7 23. Bh5 f5 24. exf6+ Bxf6+ 25. Kb3 Rd8 26. Rd1 Rxd1 27. Bxd1 Bg7 28. a4 b5 29. cxb5 axb5 30. Be3 Kd6 31. a5 Bd5+ 32. Kc2 Bc4 33. Bh5 Kc7 34. Bg6 Bd3+ 35. Kd2 Kb7 36. Be8 Bc4 37. Bd7 Kc7 38. Be8 Kb7 39. g4 Bd3 40. Bd7 Bc4 41. a6+ Kc7 42. a7 Bd5 43. Bxb5 Bf8 44. Kc3 Bg7+ 45. Bd4 Bxd4+ 46. Kxd4 Kb6 47. Bc4 Kxa7 48. Bxd5 exd5 49. h4 {erfasst durch pgnApp - www.pgn-app.com} 1-0

[Event "Sparkassen Chess Trophy 2024 A-Open"]
[Site "Dortmund"]
[Date "2024.08.16"]
[Round "7"]
[White "Menzel, Maximilian"]
[Black "Bagrationi, Alexander"]
[Result "0-1"]
[WhiteElo "2164"]
[BlackElo "2411"]
[PlyCount "78"]
[EventDate "2024.08.10"]

1. d4 Nf6 2. Nf3 g6 3. g3 Bg7 4. Bg2 O-O 5. O-O d6 6. b3 e5 7. dxe5 dxe5 8. Ba3 Re8 9. Qxd8 Rxd8 10. Nc3 Nc6 11. Rad1 Bf5 12. Nh4 Bxc2 13. Rc1 Bf5 14. Nxf5 gxf5 15. Bxc6 bxc6 16. Rc2 Nd7 17. Nd1 Bf8 18. Bxf8 Nxf8 19. Ne3 f4 20. Nf5 Ne6 21. Ne7+ Kf8 22. Nxc6 Rd5 23. e4 Rb5 24. Rd1 Ng5 25. Rc4 Re8 26. Rd7 Re6 27. Nxa7 Ra5 28. Rcxc7 Rxa2 29. h4 Ra1+ 30. Kg2 f3+ 31. Kh2 h6 32. Nb5 Rf1 33. Rc2 Nxe4 34. Rd3 Rf6 35. Nc7 Nxf2 36. Rd8+ Ke7 37. Re8+ Kd7 38. g4 Rh1+ 39. Kg3 Nxg4 {erfasst durch pgnApp - www.pgn-app.com} 0-1

[Event "Sparkassen Chess Trophy 2024 A-Open"]
[Site "Dortmund"]
[Date "2024.08.16"]
[Round "7"]
[White "Thiel, Thomas"]
[Black "Mainka, Romuald"]
[Result "0-1"]
[WhiteElo "2129"]
[BlackElo "2370"]
[PlyCount "42"]
[EventDate "2024.08.10"]

1. e4 c5 2. c3 Qa5 3. Nf3 e6 4. Be2 d6 5. O-O Nf6 6. e5 dxe5 7. Nxe5 Nbd7 8. Nxd7 Bxd7 9. Bf3 Qc7 10. d4 Bd6 11. h4 O-O-O 12. Be3 Kb8 13. dxc5 Bxc5 14. Bxc5 Qxc5 15. Nd2 Bb5 16. Be2 Qg5 17. f4 Qc5+ 18. Kh2 Qe3 19. Bxb5 Rxd2 20. Qc2 Rhd8 21. Bc4 Qe4 {erfasst durch pgnApp - www.pgn-app.com} 0-1

[Event "Sparkassen Chess Trophy 2024 A-Open"]
[Site "Dortmund"]
[Date "2024.08.16"]
[Round "7"]
[White "Farokhi, Keyvan"]
[Black "Labruyere, Roger"]
[Result "1-0"]
[WhiteElo "2307"]
[BlackElo "2189"]
[PlyCount "85"]
[EventDate "2024.08.10"]

1. e4 c5 2. Nf3 d6 3. d4 cxd4 4. Nxd4 Nf6 5. Nc3 a6 6. a3 Nc6 7. Be2 e6 8. Be3 Be7 9. O-O O-O 10. f4 Qc7 11. Kh1 Nxd4 12. Bxd4 e5 13. fxe5 dxe5 14. Be3 Be6 15. Nd5 Nxd5 16. exd5 Rad8 17. c4 f5 18. Qb3 Bf7 19. Rxf5 b5 20. Raf1 bxc4 21. Qxc4 Qxc4 22. Bxc4 Bxd5 23. Rxf8+ Bxf8 24. Rd1 Bxc4 25. Rxd8 Kf7 26. b4 Be7 27. Rc8 Bb5 28. Bc5 Bf6 29. Ra8 Ke6 30. a4 Bd3 31. b5 axb5 32. a5 Kd5 33. Be3 h6 34. a6 Kc4 35. Rc8+ Kb3 36. a7 Be4 37. Bc5 Bg5 38. Bd6 Bd2 39. Bxe5 Bc3 40. Bd6 Kb2 41. Bb4 Bxb4 42. Rc4 Bc5 43. Rxc5 {erfasst durch pgnApp - www.pgn-app.com} 1-0